La prueba: tendencias modernas
Guardat en:
| Autor principal: | |
|---|---|
| Format: | Llibre |
| Idioma: | espanyol |
| Publicat: |
La Plata
Librería Editora Platense
1991
Buenos Aires Abeledo-Perrot 1991 |
| Edició: | 1a. ed |
| Matèries: | |
| Etiquetes: |
Afegir etiqueta
Sense etiquetes, Sigues el primer a etiquetar aquest registre!
|
MARC
| LEADER | 00000cam a2200000 a 4500 | ||
|---|---|---|---|
| 001 | UCC5411 | ||
| 003 | CL-VaPUC | ||
| 008 | 181005e19910000ag |||||||||||||||||spa|d | ||
| 020 | |a 9505360428 | ||
| 082 | 0 | 4 | |a 347.06 |b MOR |2 21 |
| 100 | |a Morello, Augusto M. |e autor |9 599747 | ||
| 245 | 1 | 3 | |a La prueba: tendencias modernas |
| 250 | |a 1a. ed | ||
| 300 | |a 273 p | ||
| 942 | |c BK | ||
| 945 | |d 20181005 11:02:00 |a dcastane | ||
| 260 | |a La Plata |b Librería Editora Platense |c 1991 | ||
| 260 | |a Buenos Aires |b Abeledo-Perrot |c 1991 | ||
| 650 | 0 | |a Procedimiento civil |9 254870 | |
| 650 | 0 | |a Pruebas |9 256249 | |
| 583 | |a last modification |c 20181005 11:02:00 |k Rodrigo Vera | ||
| 999 | |c 372660 |d 372658 | ||
| 952 | |0 0 |1 0 |3 erb |4 0 |6 347_060000000000000_MOR_1991_1991 |7 0 |8 A |9 490358 |a BIBDER |b BIBDER |e Mateluna Arestizabal, Alfredo Sergio |i 5491916 |l 2 |o 347.06 MOR 1991 1991 |p 5491916 |r 2025-01-28 |s 2025-01-28 |w 2019-11-24 |y BK |z Catalogado en:20181005 |k DER | ||